000 01450cam a2200385 a 4500
999 _c11017
_d11017
001 15099164
003 OSt
005 20200104112335.0
008 071130s2009 njua b 001 0 eng
010 _a 2007049192
020 _a0131856154
020 _a9788131724804
035 _a(OCoLC)ocn182779683
035 _a(OCoLC)182779683
_z(OCoLC)144223540
040 _aDLC
_cDLC
_dBAKER
_dC#P
_dYDXCP
_dBWX
_dBTCTA
_dGUA
_dDLC
050 0 0 _aHG173
_b.B58 2009
082 0 0 _a332
_222
_bBOD/F
100 _aBodie, Zvi
_91044
245 1 0 _aFinancial economics /
_cZvi Bodie, Robert C. Merton, David L. Cleeton.
250 _a2nd ed.
260 _aUpper Saddle River, N.J. :
_bPearson/Prentice Hall,
_cc2009.
300 _axxvi, 500 p. :
_bill. ;
_c27 cm.
490 1 _aThe Prentice Hall series in finance
500 _aRev. ed. of: Finance. c2000.
504 _aIncludes bibliographical references (p. [481]-483) and index.
650 0 _aFinance.
700 1 _aMerton, Robert C.
_91071
700 1 _aCleeton, David L.
_91072
700 _aBodie, Zvi
_tFinance.
_91044
830 0 _aPrentice Hall finance series.
856 4 1 _3Table of contents only
_uhttp://www.loc.gov/catdir/toc/ecip086/2007049192.html
906 _a7
_bcbc
_corignew
_d1
_eecip
_f20
_gy-gencatlg
942 _2ddc
_cBK
_h332
_iBOD/F
_k332
_mBOD/F